000 00303nam a2200133Ia 4500
008 231129s1966||||xx |||||||||||||| ||spa||
040 _bspa
082 _a986.104 A139d
100 _aAbella Arturo
245 0 _aDon dinero en la independencia
260 _c1966
264 _aLerner
942 _2ddc
_cBKS
999 _c9752
_d9752